[Event "Asian Junior Chess Championshi"]
[Site "?"]
[Date "2009.07.03"]
[Round "2.1"]
[White "Toufighi, Homayoon"]
[Black "Vishnu, Prasanna  V"]
[Result "1/2-1/2"]
[WhiteElo "2488"]
[BlackElo "2330"]
[PlyCount "118"]
[EventDate "2009.07.02"]

1. e4 c5 2. Nf3 d6 3. Bb5+ Nd7 4. O-O Ngf6 5. Re1 a6 6. Bxd7+ Nxd7 7. d4 cxd4
8. Qxd4 e6 9. Nc3 Qc7 10. Bg5 Ne5 11. Rad1 Bd7 12. Bf4 f6 13. Bg3 Be7 14. Kh1
Rc8 15. Ng1 Qc5 16. Nge2 b5 17. Rc1 Qxd4 18. Nxd4 Nc4 19. Nd1 e5 20. Ne2 Be6
21. b3 Nb6 22. Ne3 O-O 23. Red1 Rc7 24. f4 Rfc8 25. Be1 Nd7 26. Ba5 Rc6 27. Kg1
Kf8 28. Kf2 Nc5 29. Kf3 Nb7 30. Be1 Bd8 31. c3 Bb6 32. Nd5 Bc5 33. g4 a5 34. h4
Ba7 35. Rc2 Nc5 36. Bf2 Ra8 37. f5 Bf7 38. Rcd2 a4 39. Nb4 Rcc8 40. bxa4 Nxa4
41. Bxa7 Rxa7 42. Rxd6 Rac7 43. Rd7 Ke8 44. Rxc7 Rxc7 45. Rc1 Rd7 46. Rc2 Rd1
47. Rc1 Rd2 48. Ke3 Rd7 49. Kf2 Nc5 50. Ke3 Na4 51. Ng1 Rc7 52. Ne2 Rd7 53. h5
h6 54. Rc2 Nb6 55. Ng3 Rd1 56. Ke2 Rg1 57. Kf2 Rd1 58. Nf1 Nc4 59. Ke2 Rb1
1/2-1/2

[Event "Asian Junior Chess Championshi"]
[Site "?"]
[Date "2009.07.03"]
[Round "2.2"]
[White "Darini, Pouria"]
[Black "Adhiban, B."]
[Result "1/2-1/2"]
[WhiteElo "2331"]
[BlackElo "2481"]
[PlyCount "126"]
[EventDate "2009.07.02"]

1. e4 e5 2. Nf3 Nc6 3. Bb5 a6 4. Ba4 Nf6 5. O-O Bc5 6. c3 b5 7. Bc2 d5 8. exd5
Qxd5 9. d4 exd4 10. Re1+ Kf8 11. Bg5 Bg4 12. Nbd2 d3 13. Bb3 Qf5 14. a4 Rd8 15.
axb5 axb5 16. Ra6 Bb6 17. Be3 Nd7 18. Qa1 Bxf3 19. Nxf3 Nc5 20. Ra8 Nxb3 21.
Qa3+ Bc5 22. Rxd8+ Nxd8 23. Qxb3 Bxe3 24. Rxe3 g6 25. Qb4+ Kg7 26. Qd4+ Qf6 27.
Qxd3 c6 28. Qd7 Rf8 29. g3 b4 30. Kg2 bxc3 31. bxc3 Ne6 32. Ne5 Rd8 33. Qxc6
Rd2 34. Qf3 Rc2 35. h4 h5 36. Nd7 Qxf3+ 37. Rxf3 Nc7 38. Rd3 Nb5 39. Ne5 Kf6
40. c4 Kxe5 41. cxb5 Rb2 42. Rd7 Rxb5 43. Rxf7 Ke6 44. Rf4 Rb3 45. Kf1 Rb2 46.
Kg2 Rb3 47. f3 Rb2+ 48. Kh3 Rf2 49. Rf8 Ke7 50. Rf4 Ke6 51. Re4+ Kf6 52. Re3
Rf1 53. Rc3 Rh1+ 54. Kg2 Rb1 55. Ra3 Rc1 56. Ra4 Rc2+ 57. Kh3 Rc3 58. Rf4+ Kg7
59. g4 hxg4+ 60. Kxg4 Rc1 61. Rb4 Kh6 62. Rb6 Rg1+ 63. Kf4 Rh1 1/2-1/2

[Event "Asian Junior Chess Championshi"]
[Site "?"]
[Date "2009.07.03"]
[Round "2.3"]
[White "Karthikeyan, P."]
[Black "Saravana, Krishnan P"]
[Result "0-1"]
[WhiteElo "2478"]
[BlackElo "2311"]
[PlyCount "128"]
[EventDate "2009.07.02"]

1. d4 d5 2. c4 c6 3. Nf3 Nf6 4. Nc3 dxc4 5. a4 Bg4 6. Ne5 Bh5 7. h3 Nbd7 8. g4
Bg6 9. Nxg6 hxg6 10. Bg2 Qc7 11. f4 O-O-O 12. Qc2 Nb6 13. e4 Rxd4 14. a5 Nbd7
15. e5 Nc5 16. Be3 Nd3+ 17. Kf1 Rd8 18. exf6 exf6 19. Nd1 Bc5 20. Bxc5 Nxc5 21.
Qxc4 Ne6 22. a6 Qxf4+ 23. Qxf4 Nxf4 24. Rc1 Rd2 25. axb7+ Kxb7 26. Bxc6+ Kb8
27. Bf3 Re8 28. Rc3 Nd3 29. Rb3+ Kc7 30. Rxd3 Rxd3 31. Kg2 Rd2+ 32. Kg3 f5 33.
b4 Kb6 34. Nf2 f4+ 35. Kg2 Rc8 36. Rd1 Rxd1 37. Bxd1 Kb5 38. Nd3 g5 39. Be2 Re8
40. Kf2 Kc4 41. Bf1 Kc3 42. b5 g6 43. Ne1 Rc8 44. Nf3 Rc5 45. Be2 f6 46. h4
gxh4 47. Nxh4 g5 48. Nf5 Rc7 49. Kf3 Rd7 50. Ke4 Rd2 51. Kf3 Kb4 52. Ne7 Kc5
53. Nf5 Rb2 54. Bd3 Rb3 55. Ke4 Rb2 56. Ne7 Rg2 57. Ng8 Rxg4 58. Nxf6 Rg3 59.
Bf1 Re3+ 60. Kf5 Re1 61. Bd3 f3 62. Ne4+ Kd4 63. Bc2 Re2 64. Bb1 Rb2 0-1

[Event "Asian Junior Chess Championshi"]
[Site "?"]
[Date "2009.07.03"]
[Round "2.4"]
[White "Anwesh, Upadhyaya"]
[Black "Lalith, Babu M R"]
[Result "1/2-1/2"]
[WhiteElo "2316"]
[BlackElo "2472"]
[PlyCount "114"]
[EventDate "2009.07.02"]

1. e4 Nc6 2. Nf3 d6 3. d4 Nf6 4. Nc3 Bg4 5. d5 Nb8 6. h3 Bh5 7. Bd3 h6 8. g4
Bg6 9. Qe2 Nbd7 10. Bf4 c6 11. Nh4 Bh7 12. Nf5 Qc7 13. O-O-O e6 14. dxe6 fxe6
15. Bc4 e5 16. Be3 Nb6 17. Be6 Bg8 18. Bxg8 Nxg8 19. f4 O-O-O 20. fxe5 dxe5 21.
Rxd8+ Qxd8 22. Rd1 Qc7 23. Bxb6 axb6 24. Qc4 Nf6 25. h4 Bc5 26. g5 hxg5 27.
hxg5 Ng4 28. b4 Bd4 29. Nxd4 exd4 30. Qxd4 Ne5 31. Na4 c5 32. bxc5 bxc5 33.
Qxc5 Qxc5 34. Nxc5 Re8 35. Rd6 Nf3 36. g6 Ng5 37. Rd5 Nxe4 38. Nxe4 Rxe4 39.
Rg5 Kd7 40. Kb2 Kc6 41. Kb3 Re1 42. a4 Rb1+ 43. Kc4 Ra1 44. a5 Ra4+ 45. Kb3 Rf4
46. c4 Rf1 47. Re5 Rf6 48. Rb5 Kc7 49. Rg5 Kc6 50. Kb4 Rf1 51. Rc5+ Kd6 52. Rb5
Kc7 53. Rb6 Rg1 54. Kc5 Ra1 55. Rb5 Rg1 56. Rb6 Ra1 57. Re6 Kd7 1/2-1/2

[Event "Asian Junior Chess Championshi"]
[Site "?"]
[Date "2009.07.03"]
[Round "2.5"]
[White "Ashwin, Jayaram"]
[Black "Chua, Zheng Yuan Terry"]
[Result "1-0"]
[WhiteElo "2425"]
[BlackElo "2226"]
[PlyCount "147"]
[EventDate "2009.07.02"]

1. e4 c5 2. Nf3 d6 3. d4 cxd4 4. Nxd4 Nf6 5. Nc3 a6 6. Be3 e6 7. f3 Be7 8. g4
Nc6 9. Qd2 O-O 10. O-O-O Nxd4 11. Qxd4 b5 12. h4 Qa5 13. Kb1 b4 14. Ne2 e5 15.
Qb6 Qa4 16. b3 Qe8 17. g5 Nh5 18. Qxb4 Be6 19. Qe1 Qc6 20. Nc3 Rfc8 21. Rd3 a5
22. Rh2 a4 23. Nd5 Bd8 24. Rc3 Qb7 25. Rxc8 Rxc8 26. Bh3 Rc6 27. Bg4 g6 28. Qb4
Qa6 29. c4 Bxg4 30. fxg4 Ng3 31. Qb8 Rc8 32. Qb5 Qxb5 33. cxb5 axb3 34. axb3
Nxe4 35. Rc2 Rb8 36. b6 f5 37. gxf6 Nxf6 38. Nxf6+ Bxf6 39. Rc6 Be7 40. Rc7 Bd8
41. Rc6 Be7 42. Kc2 Kf8 43. Rc7 Bd8 44. Rxh7 Kg8 45. Rd7 Bxb6 46. Bh6 Bf2 47.
Rg7+ Kh8 48. Rxg6 d5 49. Rg5 Rc8+ 50. Kd2 Kh7 51. Rh5 Kg6 52. Be3 Bxe3+ 53.
Kxe3 Rc3+ 54. Kd2 Rg3 55. Rxe5 Rxg4 56. h5+ Kf6 57. Rxd5 Rg3 58. Kc2 Rh3 59.
Kb2 Ke6 60. Rg5 Kd6 61. Ka3 Rh4 62. b4 Kc6 63. Ka4 Rh1 64. Rg6+ Kc7 65. h6 Rh5
66. b5 Rh1 67. Ka5 Ra1+ 68. Kb4 Rh1 69. b6+ Kb7 70. Kc5 Rc1+ 71. Kd5 Re1 72.
Re6 Rd1+ 73. Ke5 Rh1 74. Kf5 1-0

[Event "Asian Junior Chess Championshi"]
[Site "?"]
[Date "2009.07.03"]
[Round "2.6"]
[White "Faghirnavaz, Ali"]
[Black "Shyam, Sundar M"]
[Result "1/2-1/2"]
[WhiteElo "2191"]
[BlackElo "2415"]
[PlyCount "148"]
[EventDate "2009.07.02"]

1. d4 Nf6 2. Bg5 e6 3. Nd2 h6 4. Bh4 d5 5. e3 c5 6. c3 Bd6 7. Ngf3 Nbd7 8. Bd3
Qc7 9. Qc2 b6 10. e4 c4 11. Be2 dxe4 12. Nxe4 Nxe4 13. Qxe4 Bb7 14. Qc2 Rc8 15.
Bg3 O-O 16. O-O Rfe8 17. Rad1 b5 18. Rfe1 a6 19. a4 Bd5 20. axb5 axb5 21. Nd2
Bxg3 22. hxg3 e5 23. Bf3 Ba8 24. Bxa8 Rxa8 25. Nf3 exd4 26. Nxd4 Qb6 27. Qf5
Nc5 28. Qd5 Red8 29. Qf5 Re8 30. Qd5 Rad8 31. Qf5 g6 32. Rxe8+ Rxe8 33. Qd5 Rd8
34. Qf3 Na4 35. Re1 Nxb2 36. Re7 Rf8 37. Rb7 Qa6 38. Nxb5 Nd3 39. g4 Ne5 40.
Qd5 Nxg4 41. Ra7 Qf6 42. f3 Ne5 43. Nd6 Rd8 44. Ra8 Rxa8 45. Qxa8+ Kh7 46. Ne4
Qf4 47. Qa7 h5 48. Qe7 Kg7 49. Ng5 Qe3+ 50. Kf1 Qc1+ 51. Ke2 Qc2+ 52. Kf1 Qb1+
53. Kf2 Qf5 54. Ne4 Nd3+ 55. Ke3 Nf4 56. Kf2 Ne6 57. Nd6 Qf4 58. Ne8+ Kh6 59.
Nd6 Kg7 60. Ne8+ Kh6 61. Nd6 Ng5 62. Qf8+ Kh7 63. Ne8 Qe5 64. Nd6 Qxc3 65. Nxf7
Qd4+ 66. Kf1 Qd1+ 67. Kf2 Qd4+ 68. Kf1 Qa1+ 69. Ke2 Ne6 70. Qh6+ Kg8 71. Qxg6+
Ng7 72. Nh6+ Kh8 73. Nf7+ Kg8 74. Nh6+ Kh8 1/2-1/2

[Event "Asian Junior Chess Championshi"]
[Site "?"]
[Date "2009.07.03"]
[Round "2.7"]
[White "Hapuarachchi, H L M."]
[Black "Amanov, Zhanibek"]
[Result "0-1"]
[WhiteElo "2001"]
[BlackElo "2385"]
[PlyCount "96"]
[EventDate "2009.07.02"]

1. e4 c5 2. Nc3 e6 3. f4 d5 4. Bb5+ Bd7 5. Bxd7+ Qxd7 6. Nf3 dxe4 7. Nxe4 Nc6
8. O-O Be7 9. d3 Nh6 10. Be3 Nf5 11. Bf2 b6 12. a4 O-O 13. g4 Nfd4 14. Bxd4
Nxd4 15. Ne5 Qc7 16. c3 Nc6 17. Nxc6 Qxc6 18. Qf3 Qd7 19. g5 Rad8 20. Rfd1 f6
21. gxf6 Bxf6 22. d4 Qc7 23. d5 exd5 24. Rxd5 Be5 25. Rxd8 Qxd8 26. f5 Qd7 27.
Rf1 h6 28. Kh1 Kh8 29. Ng3 Qxa4 30. Qe3 Qc6+ 31. Kg1 Re8 32. Qf2 Qd5 33. Re1
Rf8 34. Qg2 Qxg2+ 35. Kxg2 Bxg3 36. Kxg3 Rxf5 37. Re7 a5 38. Rb7 Rf6 39. Kg4
Rf2 40. Rxb6 Rxh2 41. Rb5 a4 42. Kf5 Kh7 43. Ra5 Rxb2 44. Rxa4 Rg2 45. Ra5 Rg5+
46. Kf4 Kg6 47. c4 Rf5+ 48. Kg4 h5+ 0-1

[Event "Asian Junior Chess Championshi"]
[Site "?"]
[Date "2009.07.03"]
[Round "2.10"]
[White "Minhazuddin, Ahmed"]
[Black "Subramaniam, Sumant"]
[Result "0-1"]
[WhiteElo "2391"]
[BlackElo "2043"]
[PlyCount "90"]
[EventDate "2009.07.02"]

1. e4 c5 2. Nf3 Nc6 3. d4 cxd4 4. Nxd4 e5 5. Nb5 a6 6. Nd6+ Bxd6 7. Qxd6 Qf6 8.
Qd3 Nge7 9. c4 b5 10. Na3 O-O 11. c5 Nd4 12. Be3 Nec6 13. Nc2 d5 14. cxd6 Rd8
15. Nxd4 Rxd6 16. Nxc6 Rxd3 17. Bxd3 Qxc6 18. O-O Be6 19. Rac1 Qd7 20. Rfd1 Rc8
21. Bc4 Qe7 22. Bd5 Rxc1 23. Rxc1 h6 24. a3 Bxd5 25. exd5 Qd6 26. Rd1 Kf8 27.
b4 Ke8 28. g3 Kd7 29. f4 exf4 30. Bxf4 Qf6 31. Rd3 g5 32. Bd2 Qf5 33. Re3 Qxd5
34. Be1 Qd4 35. Kg2 f5 36. Bf2 f4 37. gxf4 gxf4 38. Rf3 Qd2 39. Kh3 Ke6 40. Ba7
Qd6 41. Bf2 Qe5 42. Kg2 Qe4 43. h3 Ke5 44. Ba7 Qb7 45. Bc5 Ke4 0-1

[Event "Asian Junior Chess Championshi"]
[Site "?"]
[Date "2009.07.03"]
[Round "2.12"]
[White "Shreyansh, Daklia"]
[Black "Dissanayake, R D A C."]
[Result "1-0"]
[WhiteElo "2279"]
[BlackElo "1828"]
[PlyCount "61"]
[EventDate "2009.07.02"]

1. e4 c5 2. Nf3 d6 3. Bb5+ Bd7 4. Bxd7+ Qxd7 5. O-O Nc6 6. c3 Nf6 7. Qe2 e6 8.
d4 cxd4 9. cxd4 d5 10. e5 Ng8 11. a3 Nge7 12. Qd3 Nf5 13. g4 Nfe7 14. Bg5 h6
15. Bd2 h5 16. h3 hxg4 17. hxg4 Ng6 18. Nc3 Be7 19. Ne2 O-O-O 20. Ng3 Nh4 21.
Nh2 g6 22. b4 Rdg8 23. b5 Nd8 24. Rfc1+ Kb8 25. Bb4 Rg7 26. Rc3 Rgh7 27. Bxe7
Qxe7 28. Rac1 b6 29. Qc2 f5 30. Rc8+ Kb7 31. Rb8+ 1-0

[Event "Asian Junior Chess Championshi"]
[Site "?"]
[Date "2009.07.03"]
[Round "2.13"]
[White "Law, Mark"]
[Black "Danushka, M A N."]
[Result "0-1"]
[WhiteElo "1794"]
[BlackElo "1968"]
[PlyCount "106"]
[EventDate "2009.07.02"]

1. d4 d5 2. c4 e5 3. dxe5 d4 4. Nf3 Nc6 5. g3 Bf5 6. a3 Qd7 7. b4 Rd8 8. Nbd2
Bxb4 9. axb4 Nxb4 10. Nb3 Nc2+ 11. Kd2 Nxa1 12. Nxa1 Ne7 13. Bb2 c5 14. Bg2 Nc6
15. Qa4 Nxe5 16. Qxd7+ Nxd7 17. Nb3 b6 18. Rc1 O-O 19. Ba3 Rfe8 20. Nh4 Bg4 21.
Nf3 Ne5 22. Nxe5 Rxe5 23. f3 Rde8 24. Bf1 Be6 25. Na1 Bd7 26. h4 a6 27. g4 Re3
28. Nc2 Rc3 29. e4 Ba4 30. Be2 Bxc2 31. Bb2 Bxe4 32. Bxc3 dxc3+ 33. Rxc3 Bc6
34. Ra3 Ra8 35. Rb3 b5 36. Ra3 Kf8 37. f4 Ke7 38. Re3+ Kd6 39. Rd3+ Kc7 40. Re3
Kb6 41. Re7 Ra7 42. Re3 b4 43. Kc2 a5 44. Bd3 g6 45. f5 a4 46. Kb1 a3 47. Bc2
Ba4 48. Bb3 Bxb3 49. Rxb3 Ka5 50. Ka2 Ka4 51. fxg6 fxg6 52. h5 Re7 53. Rh3 b3+
0-1

[Event "Asian Junior Chess Championshi"]
[Site "?"]
[Date "2009.07.03"]
[Round "2.14"]
[White "Kuruwitage, Yasas Kalana"]
[Black "Munasinghe, Shanaka"]
[Result "0-1"]
[WhiteElo "1963"]
[BlackElo "1773"]
[PlyCount "69"]
[EventDate "2009.07.02"]

1. e4 Nf6 2. e5 Nd5 3. d4 d6 4. Nf3 e6 5. Bd3 c5 6. dxc5 dxc5 7. c3 Nc6 8. O-O
Qc7 9. Qe2 b6 10. a3 Bb7 11. Re1 O-O-O 12. b4 Nb8 13. c4 Ne7 14. Nc3 Nec6 15.
Bg5 Re8 16. Nb5 Qd7 17. Red1 Ba8 18. Be4 Qb7 19. Rd6 Qa6 20. Rad1 h6 21. Be3
cxb4 22. Qd3 Bxd6 23. Nxd6+ Kc7 24. Nxe8+ Rxe8 25. Qd6+ Kc8 26. Bxc6 Bxc6 27.
Nd4 Qb7 28. Qxb4 Rd8 29. Rc1 Na6 30. Qb2 Bxg2 31. Nb5 Kb8 32. Nd6 Qf3 33. Bxb6
Rxd6 34. Ba5+ Rb6 35. Qd2 0-1

[Event "Asian Junior Chess Championshi"]
[Site "?"]
[Date "2009.07.03"]
[Round "2.15"]
[White "Duwal, Nikesh"]
[Black "Amarasinghe, A A C B."]
[Result "1-0"]
[WhiteElo "1750"]
[BlackElo "1923"]
[PlyCount "109"]
[EventDate "2009.07.02"]

1. e4 e5 2. Nf3 Nc6 3. Bc4 Nf6 4. Ng5 d5 5. exd5 Na5 6. Bb5+ c6 7. dxc6 bxc6 8.
Qf3 Qb6 9. Be2 Bd6 10. Nc3 O-O 11. Nge4 Nxe4 12. Nxe4 Be7 13. O-O f5 14. Ng3 e4
15. Qe3 c5 16. f4 Qc7 17. Kh1 Bf6 18. d3 Bd4 19. Qd2 Bb7 20. c3 Bf6 21. Nxf5
Rad8 22. Qc2 exd3 23. Bxd3 Qc6 24. Rf2 Qd5 25. Be2 Rfe8 26. h3 g6 27. Ne3 Qd7
28. Bf3 Bh4 29. Rd2 Qc7 30. Rxd8 Rxd8 31. Bxb7 Nxb7 32. Qe4 Bg3 33. Nd5 Qf7 34.
c4 Nd6 35. Qe7 Qxe7 36. Nxe7+ Kf7 37. Nc6 Re8 38. Ne5+ Kf6 39. Bd2 Ne4 40. Be3
g5 41. Ng4+ Kf5 42. fxg5 Bf4 43. Bxf4 Kxf4 44. Nf6 Re5 45. h4 Ng3+ 46. Kh2 Re2
47. b3 Rd2 48. Nxh7 Kg4 49. g6 Nf5 50. Rf1 Ne3 51. Kg1 Rd6 52. g7 Rg6 53. g8=Q
Rxg8 54. Nf6+ Kxh4 55. Nxg8 1-0

[Event "Asian Junior Chess Championshi"]
[Site "?"]
[Date "2009.07.03"]
[Round "2.16"]
[White "Amarasena, Kaveesha"]
[Black "Chen, Pin-Hung"]
[Result "1-0"]
[WhiteElo "1914"]
[BlackElo "1733"]
[PlyCount "77"]
[EventDate "2009.07.02"]

1. d4 d5 2. c4 c6 3. Nc3 Nf6 4. cxd5 cxd5 5. Bf4 Nc6 6. e3 e6 7. Bd3 Bd6 8. Bg5
O-O 9. Nge2 Re8 10. f3 Be7 11. O-O e5 12. Bc2 Be6 13. b3 exd4 14. exd4 Rc8 15.
a3 Nxd4 16. Nxd4 Rxc3 17. Qe1 Qc8 18. Ra2 Bd6 19. Bxf6 gxf6 20. Qh4 Bc5 21.
Bxh7+ Kg7 22. Bb1 Qc7 23. Kh1 Bxd4 24. Qxd4 Rxb3 25. Qxa7 Rh8 26. g3 Bh3 27.
Re1 Rxf3 28. Qg1 Qc6 29. Rb2 Rxa3 30. Rb6 Qc3 31. Qf2 Rh6 32. Rxb7 Bg4 33. Ree7
Be6 34. Rxe6 d4 35. Ree7 Qc6+ 36. Be4 Ra1+ 37. Kg2 Qc4 38. Rxf7+ Kg8 39. Rfc7
1-0

[Event "Asian Junior Chess Championshi"]
[Site "?"]
[Date "2009.07.03"]
[Round "2.17"]
[White "Vithanage, Tharindu"]
[Black "Munasinghe, Lahiru"]
[Result "1/2-1/2"]
[WhiteElo "1706"]
[BlackElo "1903"]
[PlyCount "108"]
[EventDate "2009.07.02"]

1. d4 Nf6 2. Nf3 e6 3. c4 b6 4. Bg5 Be7 5. e3 O-O 6. Bd3 Bb7 7. O-O c5 8. Nbd2
Nc6 9. a3 d5 10. Qc2 cxd4 11. Bxf6 Bxf6 12. cxd5 exd5 13. Bxh7+ Kh8 14. Bd3
dxe3 15. fxe3 Rc8 16. Qd1 g6 17. Rb1 Kg7 18. e4 Ne5 19. Nxe5 Bxe5 20. exd5
Bxh2+ 21. Kxh2 Qh4+ 22. Kg1 Qd4+ 23. Rf2 Qxd3 24. Nf3 Qxd5 25. Qxd5 Bxd5 26.
Rd1 Bxf3 27. Rxf3 Rcd8 28. Rxd8 Rxd8 29. b3 Rd7 30. Kh2 f5 31. Kg3 Kf6 32. Rc3
g5 33. Kf3 Rd2 34. g3 g4+ 35. Ke3 Ra2 36. a4 Ke5 37. Kd3 f4 38. gxf4+ Kxf4 39.
Rc4+ Kf3 40. Rc7 a6 41. Rf7+ Kg2 42. Rf6 b5 43. Rxa6 bxa4 44. Rxa4 Rxa4 45.
bxa4 Kh2 46. a5 g3 47. a6 g2 48. a7 g1=Q 49. a8=Q Qb1+ 50. Kc3 Qe1+ 51. Kd3
Qg3+ 52. Kd4 Qf2+ 53. Kd3 Qf1+ 54. Kd4 Qd1+ 1/2-1/2